00485 2200181 4500001002100000005001500021008004100036020001800077035001900095041000700114082000800121090001400129100001700143245002900160260004500189300001800234650005100252INLIS00000000001316920241224114514241224||||||||| | ||| |||| || |  a979-553-255-3 0010-1224013169 aid0 a398 a398 ADE c0 aAde soekirno00aCerita Rakyat Jawa Barat aJakartabpt gramedia pustaka utamac1993 a56hlm;14X21cm 0aAdat Adat istiadat & Kebiasaan ,Etiket Folklor